[Event "Liptovsky Mikulas V4 U15 op"]
[Site "Liptovsky Mikulas"]
[Date "2017.06.22"]
[Round "3"]
[White "Kossuth, Tomas"]
[Black "Priechodsky, Radovan"]
[Result "1/2-1/2"]
[WhiteElo "1352"]
[BlackElo "1313"]
[PlyCount "60"]
[EventDate "2017.06.21"]
[EventType "swiss"]
[EventRounds "9"]
[EventCountry "SVK"]
[SourceTitle "CBM 179 Extra"]
[Source "ChessBase"]
[SourceDate "2017.08.23"]
[SourceVersion "1"]
[SourceVersionDate "2017.08.23"]
[SourceQuality "1"]

1. e4 c5 2. Nf3 d6 3. d4 cxd4 4. Nxd4 Nf6 5. Nc3 Nc6 6. Bb5 Bd7 7. 0-0 g6 8. Be3 Bg7 9. Qd2 0-0 10. Be2 Rc8 11. Nxc6 Bxc6 12. Bf3 a6 13. Bh6 b5 14. Bxg7 Kxg7 15. Rfe1 Qc7 16. Rac1 Qb7 17. Nd5 Bxd5 18. exd5 Rc7 19. c3 Rc5 20. Rcd1 Rfc8 21. h3 a5 22. a3 R8c7 23. Re3 b4 24. axb4 axb4 25. cxb4 Rc2 26. Qd4 R2c4 27. Qd2 Rxb4 28. Re2 Rcc4 29. Qe3 Ng8 30. Rdd2 Rb3 1/2-1/2

[Event "Liptovsky Mikulas V4 U15 op"]
[Site "Liptovsky Mikulas"]
[Date "2016.06.26"]
[Round "9"]
[White "Oplustil, Pavel"]
[Black "Kossuth, Tomas"]
[Result "1/2-1/2"]
[WhiteElo "1448"]
[BlackElo "1226"]
[PlyCount "46"]
[EventDate "2016.06.22"]
[EventType "swiss"]
[EventRounds "9"]
[EventCountry "SVK"]
[SourceTitle "CBM 173 Extra"]
[Source "ChessBase"]
[SourceDate "2016.08.29"]
[SourceVersion "1"]
[SourceVersionDate "2016.08.29"]
[SourceQuality "1"]

1. e4 e5 2. Nf3 Nc6 3. d4 exd4 4. Bc4 d6 5. 0-0 Be7 6. Re1 Nf6 7. Nxd4 Bd7 8. Nc3 0-0 9. f4 h6 10. e5 dxe5 11. fxe5 Nh7 12. Nxc6 Bxc6 13. Qg4 Bg5 14. Bxg5 Qxg5 15. Qxg5 Nxg5 16. e6 Nxe6 17. Bxe6 fxe6 18. Rxe6 Rfe8 19. Rae1 Rxe6 20. Rxe6 Re8 21. Rxe8+ Bxe8 22. Nd5 c6 23. Ne7+ Kf8 1/2-1/2

[Event "SVK-ch U12"]
[Site "Liptovsky Mikulas"]
[Date "2016.04.22"]
[Round "8"]
[White "Zetocha, Adrian"]
[Black "Kossuth, Tomas"]
[Result "1-0"]
[WhiteElo "1838"]
[BlackElo "1191"]
[PlyCount "137"]
[EventDate "2016.04.16"]
[EventType "swiss"]
[EventRounds "9"]
[EventCountry "SVK"]
[SourceTitle "CBM 172 Extra"]
[Source "ChessBase"]
[SourceDate "2016.06.21"]
[SourceVersion "1"]
[SourceVersionDate "2016.06.21"]
[SourceQuality "1"]

1. e4 b6 2. d4 Bb7 3. Nd2 Nf6 4. Bd3 e6 5. Ngf3 Be7 6. 0-0 d6 7. c3 Nbd7 8. Re1 c5 9. e5 Nd5 10. a3 Qc8 11. exd6 Bxd6 12. c4 Nf4 13. Ne4 Qc7 14. Nxd6+ Qxd6 15. Bf1 0-0 16. dxc5 Qxd1 17. Rxd1 Nxc5 18. Bxf4 Nb3 19. Rab1 Be4 20. Bd3 Bxd3 21. Rxd3 Nc5 22. Rd6 Ne4 23. Rd4 Nc5 24. Rbd1 Nb3 25. R4d3 Nc5 26. Rc3 Na4 27. Rc2 Nc5 28. b4 Ne4 29. c5 bxc5 30. bxc5 Rac8 31. h3 Rxc5 32. Rxc5 Nxc5 33. Be3 Ne4 34. Rd7 h6 35. Rxa7 Nd6 36. Bc5 Rd8 37. Bxd6 Rxd6 38. Ra8+ Kh7 39. a4 Rd1+ 40. Kh2 Ra1 41. a5 f6 42. a6 e5 43. a7 Ra2 44. Ne1 Ra6 45. Nc2 Ra4 46. Nb4 Rxb4 47. Rh8+ Kxh8 48. a8Q+ Kh7 49. Qf3 Rf4 50. Qd3+ Kh8 51. f3 Rd4 52. Qc2 Kg8 53. g4 Kh8 54. Kg3 Kg8 55. Kh4 Kf7 56. Kh5 Rf4 57. Qc6 Rd4 58. Qb7+ Ke6 59. Qxg7 Rf4 60. Qb7 Rd4 61. Kxh6 Kd6 62. h4 Ke6 63. h5 Kd6 64. Kg6 Ke6 65. h6 Rf4 66. h7 Kd6 67. h8Q Ke6 68. Qe8+ Kd6 69. Qee7# 1-0

[Event "SVK-ch U12"]
[Site "Liptovsky Mikulas"]
[Date "2016.04.19"]
[Round "5"]
[White "Kossuth, Tomas"]
[Black "Bidulsky, Matej"]
[Result "0-1"]
[WhiteElo "1191"]
[BlackElo "1403"]
[PlyCount "70"]
[EventDate "2016.04.16"]
[EventType "swiss"]
[EventRounds "9"]
[EventCountry "SVK"]
[SourceTitle "CBM 172 Extra"]
[Source "ChessBase"]
[SourceDate "2016.06.21"]
[SourceVersion "1"]
[SourceVersionDate "2016.06.21"]
[SourceQuality "1"]

1. e4 e5 2. Nf3 Nc6 3. Bc4 Bc5 4. c3 Nf6 5. d3 0-0 6. 0-0 d6 7. a4 a6 8. b4 Ba7 9. Na3 Bg4 10. Nc2 d5 11. exd5 Nxd5 12. Bxd5 Qxd5 13. Be3 Bxf3 14. gxf3 Rfd8 15. Ne1 Qe6 16. b5 Na5 17. bxa6 bxa6 18. Bxa7 Rxa7 19. Qe2 Rb7 20. Qe4 Rb2 21. Kh1 Rdb8 22. Qh4 Qd5 23. Rg1 Qc5 24. Qg3 g6 25. c4 Rxf2 26. Rg2 Rbb2 27. d4 Qxd4 28. Nd3 Rxg2 29. Nxb2 Rxg3 30. hxg3 Qxb2 31. Rg1 Qf2 32. f4 Nxc4 33. fxe5 Nxe5 34. g4 Nf3 35. a5 Qh2# 0-1

[Event "SVK-ch U12"]
[Site "Liptovsky Mikulas"]
[Date "2016.04.18"]
[Round "4"]
[White "Kossuth, Tomas"]
[Black "Slivka, David"]
[Result "1/2-1/2"]
[WhiteElo "1191"]
[BlackElo "1515"]
[PlyCount "71"]
[EventDate "2016.04.16"]
[EventType "swiss"]
[EventRounds "9"]
[EventCountry "SVK"]
[SourceTitle "CBM 172 Extra"]
[Source "ChessBase"]
[SourceDate "2016.06.21"]
[SourceVersion "1"]
[SourceVersionDate "2016.06.21"]
[SourceQuality "1"]

1. e4 e5 2. Nf3 Nc6 3. Bc4 Nf6 4. d3 Bc5 5. c3 0-0 6. 0-0 d6 7. a4 a5 8. Na3 Bg4 9. Nc2 Bb6 10. Be3 Bxe3 11. Nxe3 Bh5 12. Nf5 Ne7 13. Ng3 Bg6 14. Qb3 b6 15. Rfe1 Re8 16. Ng5 d5 17. exd5 Nexd5 18. N3e4 Qd7 19. Nxf6+ Nxf6 20. Rad1 h6 21. Ne4 Bxe4 22. dxe4 Qe7 23. h3 Rad8 24. f3 Nd7 25. Kh1 Nc5 26. Qc2 Rxd1 27. Rxd1 Rd8 28. Rxd8+ Qxd8 29. b4 Nb7 30. Qd3 Qxd3 31. Bxd3 Kf8 32. Kg1 Ke7 33. Kf2 axb4 34. cxb4 h5 35. Ke3 g5 36. g3 1/2-1/2

[Event "SVK-ch U12"]
[Site "Tatralandia"]
[Date "2015.04.25"]
[Round "9"]
[White "Sivicek, Filip"]
[Black "Kossuth, Tomas"]
[Result "1/2-1/2"]
[WhiteElo "1000"]
[BlackElo "1140"]
[PlyCount "53"]
[EventDate "2015.04.18"]
[EventType "swiss"]
[EventRounds "9"]
[EventCountry "SVK"]
[SourceTitle "CBM 166 Extra"]
[Source "ChessBase"]
[SourceDate "2015.06.18"]
[SourceVersion "1"]
[SourceVersionDate "2015.06.18"]
[SourceQuality "1"]

1. d4 d5 2. c4 e6 3. Nc3 Nf6 4. e3 Be7 5. Nf3 Nc6 6. Bd3 dxc4 7. Bxc4 0-0 8. 0-0 b6 9. a3 Bb7 10. e4 Na5 11. Bd3 Nc6 12. e5 Ne8 13. Be3 f6 14. exf6 Nxf6 15. Ng5 Qc8 16. Qc2 g6 17. Bc4 Nd8 18. Qb3 Kg7 19. Bxe6 Qb8 20. f3 h6 21. Nge4 Nxe6 22. Qxe6 Qd8 23. Nxf6 Rxf6 24. Qb3 Kh7 25. d5 Qg8 26. Rad1 c6 27. Rd2 1/2-1/2